Cultura Geral - Statistics

Estatísticas Gerais
  • Esse quiz foi jogado 289 vezes
  • A pontuação média é 12 de 15
Estatísticas das Respostas
Questão Resposta % Correto
Qual é o valor aproximado de Pi? 3,1416
98%
Qual é o coletivo de peixes? Cardume
91%
Em que desporto se destacou Michael Schumacher? Fórmula 1
89%
Em que cidade se encontra Times Square? Nova Iorque
87%
Um espaço completamente desprovido de matéria chama - se? Vácuo
87%
Que país foi governado por Nelson Mandela? África do Sul
85%
Qual é a temperatura em graus de ebulição da água? 100
81%
Que bebida alcoólica leva a tradicional caipirinha? Cachaça
81%
Qual destes países participou na Guerra do Vietname? Estados Unidos
77%
Qual destes acontecimentos decorreu durante a revolução francesa? Tomada da Bastilha
77%
O que é um Kebab? Um pedaço de carne
75%
Qual destes países participou na Guerra de Kosovo? Jugoslávia
70%
Na Grécia antiga quem era o rei do vinho? Dioniso
66%
Qual destes países participou na Guerra da Argélia? França
64%
Quem foi o selecionador nacional que venceu o Europeu de Futebol em 2016 por Portugal? Fernando Santos
53%
Nenhum quiz correspondente encontrado
Distribuição das Pontuações
Porcentagem de Pessoas com Cada Pontuação
Percentil de Números Respondidos
Sua Pontuação Histórica
Você não jogou esse quiz